000
00272nam a22000977a 4500
008
160512b xxu||||| |||| 00| 0 eng d
041
_a
eng
080
_a
612.39
245
_a
Praktikum i konservimit dhe i teknologjise se prodhimeve bujqesore:
_c
Qevqep Kambo;
942
_2
udc
_c
BK
999
_c
2090
_d
2090